[Event "XXXIII Festival A"]
[Site "Arco ITA"]
[Date "2011.10.23"]
[Round "2"]
[White "Trimarchi, Giuseppe"]
[Black "Trauth, Michael"]
[Result "0-1"]
[WhiteElo "1923"]
[BlackElo "2185"]
[PlyCount "68"]
[EventDate "2011.10.22"]

1. e4 c5 2. Nc3 Nc6 3. g3 g6 4. Bg2 Bg7 5. d3 Rb8 6. f4 b5 7. Nf3 b4 8. Ne2 Nf6
9. O-O O-O 10. h3 Ba6 11. e5 Nd5 12. Ng5 e6 13. Ne4 Qb6 14. Kh1 c4 15. Nd6 cxd3
16. cxd3 f6 17. exf6 Bxf6 18. Ne4 Bg7 19. Rf3 Nd4 20. Nxd4 Qxd4 21. Bf1 Bb7 22.
Bg2 a5 23. Qg1 Ba8 24. Rb1 Rbc8 25. Be3 Nxe3 26. Qxe3 Qxe3 27. Rxe3 Rc2 28. d4
Bxd4 29. Rd3 Rxg2 30. Re1 Bf2 31. Kxg2 Bxe1 32. Re3 Bd2 33. Re2 g5 34. Kf3 Bxf4
0-1

[Event "XXXIII Festival A"]
[Site "Arco ITA"]
[Date "2011.10.23"]
[Round "2"]
[White "Vaccari, Giorgio"]
[Black "Coqueraut, Jean Dominique"]
[Result "1-0"]
[WhiteElo "1656"]
[BlackElo "1824"]
[PlyCount "65"]
[EventDate "2011.10.22"]

1. e4 d6 2. d4 g6 3. Nf3 Bg7 4. Be2 Nf6 5. Nc3 c6 6. O-O O-O 7. h3 Nbd7 8. Be3
e5 9. dxe5 dxe5 10. Qd2 Qe7 11. Rad1 Qb4 12. Qc1 Nxe4 13. Nxe4 Qxe4 14. Ng5 Qb4
15. c3 Qe7 16. Ne4 b5 17. Qc2 a5 18. Rd2 Ba6 19. Rfd1 Rfd8 20. Bh6 Bxh6 21.
Rxd7 Rxd7 22. Rxd7 Qe6 23. Qd1 Bg7 24. Nc5 Qxa2 25. Nxa6 Rxa6 26. Rd8+ Bf8 27.
Qd6 Kg7 28. Qxf8+ Kf6 29. Rd6+ Kg5 30. h4+ Kf4 31. Qh6+ Kf5 32. Qg5+ Ke4 33.
Qg4# 1-0

[Event "XXXIII Festival A"]
[Site "Arco ITA"]
[Date "2011.10.23"]
[Round "2"]
[White "Valsecchi, Alessio"]
[Black "Casagrande, Fabio"]
[Result "1-0"]
[WhiteElo "2338"]
[BlackElo "1991"]
[PlyCount "43"]
[EventDate "2011.10.22"]

1. d4 e6 2. c4 Nf6 3. g3 d5 4. Nf3 dxc4 5. Bg2 Nc6 6. O-O a6 7. e3 Bd6 8. Qe2
O-O 9. Rd1 Qe7 10. Nbd2 e5 11. dxe5 Bxe5 12. Nxc4 Bg4 13. h3 Bh5 14. g4 Nxg4
15. hxg4 Bxg4 16. Ncxe5 Nxe5 17. Rd4 c5 18. Re4 Kh8 19. Nxe5 Bxe2 20. Ng6+ fxg6
21. Rxe7 Bf3 22. Bd2 1-0

[Event "XXXIII Festival A"]
[Site "Arco ITA"]
[Date "2011.10.23"]
[Round "2"]
[White "Vezzosi, Paolo"]
[Black "Ebeling, Jens"]
[Result "1/2-1/2"]
[WhiteElo "2351"]
[BlackElo "2019"]
[PlyCount "95"]
[EventDate "2011.10.22"]

1. d4 Nf6 2. Nf3 g6 3. Nc3 d5 4. Bf4 Bg7 5. e3 O-O 6. Be2 b6 7. Ne5 Bb7 8. h4
Nbd7 9. h5 Nxe5 10. Bxe5 Ne4 11. hxg6 hxg6 12. Bd3 Nxc3 13. bxc3 Bxe5 14. dxe5
Qd7 15. Qf3 Kg7 16. g4 Rh8 17. O-O-O Qe6 18. Qf4 Rxh1 19. Rxh1 Rh8 20. Rxh8
Kxh8 21. g5 Kg7 22. Qh2 Bc8 23. f4 Qc6 24. Kd2 Qe6 25. Qh4 Kg8 26. Qg3 Kg7 27.
Qf3 Bd7 28. Bf1 c6 29. Bd3 Kg8 30. a3 Kg7 31. Kc1 Kg8 32. Kb2 Kg7 33. Qe2 Kg8
34. c4 Kg7 35. Kc3 Kg8 36. Qf3 Kg7 37. cxd5 cxd5 38. Kd4 Qc6 39. Qxd5 Qa4+ 40.
Bc4 Be6 41. Qb5 Qxa3 42. Bxe6 fxe6 43. Qb1 Qc5+ 44. Kd3 Qd5+ 45. Kc3 Qc5+ 46.
Kd3 Qd5+ 47. Kc3 Qc5+ 48. Kd3 1/2-1/2

[Event "XXXIII Festival A"]
[Site "Arco ITA"]
[Date "2011.10.23"]
[Round "2"]
[White "Viviani, Alessio"]
[Black "Paehtz, Thomas sr"]
[Result "1/2-1/2"]
[WhiteElo "2021"]
[BlackElo "2437"]
[PlyCount "64"]
[EventDate "2011.10.22"]

1. d4 Nf6 2. c4 c5 3. d5 b5 4. cxb5 a6 5. b6 d6 6. Nc3 Nbd7 7. e4 Rb8 8. Nf3 g6
9. Be2 Bg7 10. O-O O-O 11. h3 Nxb6 12. a4 Nfd7 13. Nd2 Bb7 14. a5 Na8 15. Nc4
Nc7 16. Bg5 h6 17. Be3 Nb5 18. Na4 Nd4 19. Nab6 Nf6 20. Bd3 e5 21. f4 Qe7 22.
fxe5 dxe5 23. g4 Nh7 24. Qe1 Rbe8 25. Qg3 Kh8 26. Rae1 Rg8 27. Kh1 Bf6 28. Rxf6
Nxf6 29. Qh4 Nh7 30. Qxh6 f6 31. Rf1 Ref8 32. Qh4 Rd8 1/2-1/2

[Event "XXXIII Festival A"]
[Site "Arco ITA"]
[Date "2011.10.23"]
[Round "2"]
[White "Von Wantoch, Markus"]
[Black "Huss, Rolf"]
[Result "1-0"]
[WhiteElo "1923"]
[BlackElo "2163"]
[PlyCount "39"]
[EventDate "2011.10.22"]

1. e4 Nf6 2. Nc3 d5 3. e5 Ne4 4. Nce2 d4 5. c3 Nc6 6. cxd4 Ng5 7. h4 Ne6 8. Nf3
Qd7 9. d5 Qxd5 10. d4 Bd7 11. Nc3 Qa5 12. d5 O-O-O 13. Bd2 Ned4 14. dxc6 Bxc6
15. Nxd4 Rxd4 16. Qe2 e6 17. Nb5 Rxd2 18. Qxd2 Bb4 19. Nc3 Qxe5+ 20. Qe3 1-0

[Event "XXXIII Festival A"]
[Site "Arco ITA"]
[Date "2011.10.23"]
[Round "2"]
[White "Wagner, Frank"]
[Black "Cordioli, Luca"]
[Result "1-0"]
[WhiteElo "1910"]
[BlackElo "1658"]
[PlyCount "123"]
[EventDate "2011.10.22"]

1. Nf3 Nf6 2. g3 g6 3. Bg2 Bg7 4. O-O O-O 5. d3 d6 6. c4 e5 7. Nc3 c6 8. Bd2
Na6 9. a3 Bd7 10. b4 Nc7 11. Rb1 a6 12. a4 Qc8 13. Re1 Bh3 14. Bh1 Re8 15. b5
axb5 16. axb5 Qd7 17. Ng5 Be6 18. Na4 Rab8 19. Nb6 Qe7 20. bxc6 bxc6 21. Bxc6
Red8 22. Qa4 h6 23. Ne4 Nxe4 24. Bxe4 f5 25. Bg2 g5 26. Qa7 Rf8 27. Qa5 Rbd8
28. Nd5 Nxd5 29. Bxd5 Rd7 30. Rb6 Rf6 31. Reb1 Kh7 32. Rb7 Rf7 33. Rxd7 Qxd7
34. Rb7 Qe8 35. Rxf7 Qxf7 36. Bxe6 Qxe6 37. Qc7 Kg6 38. Bb4 Bf8 39. Qc6 Kf6 40.
Ba5 Be7 41. Qe8 Qf7 42. Qxf7+ Kxf7 43. Bb4 Ke6 44. Kg2 Bf6 45. e3 h5 46. Bc3 d5
47. cxd5+ Kxd5 48. f4 g4 49. fxe5 Bxe5 50. Bxe5 Kxe5 51. Kf2 Kd5 52. Ke2 Ke5
53. Kd2 Kd5 54. Kc3 Kc5 55. d4+ Kd5 56. Kd3 Kd6 57. e4 fxe4+ 58. Kxe4 Ke6 59.
Kf4 Kf6 60. d5 Ke7 61. Kg5 Kd6 62. Kxh5 1-0

[Event "XXXIII Festival A"]
[Site "Arco ITA"]
[Date "2011.10.23"]
[Round "2"]
[White "Zahn, Alina"]
[Black "Buck, Klaus-Michael"]
[Result "1-0"]
[WhiteElo "1640"]
[BlackElo "1813"]
[PlyCount "65"]
[EventDate "2011.10.22"]

1. e4 e6 2. d4 d5 3. e5 c5 4. c3 cxd4 5. cxd4 Bb4+ 6. Nc3 Nc6 7. Nf3 Nge7 8.
Bd3 Bd7 9. O-O Rc8 10. a3 Bxc3 11. bxc3 h6 12. Bd2 Na5 13. Rb1 Rc7 14. Qe2 Qc8
15. Nh4 Nc4 16. Bc1 b5 17. Qg4 g5 18. Nf3 Nxa3 19. Bxa3 Rxc3 20. Bxe7 Kxe7 21.
Bxb5 Bxb5 22. Rxb5 Rc1 23. Rb1 Rxb1 24. Rxb1 Qc2 25. Rb7+ Kd8 26. h3 Rf8 27.
Rxa7 Qc1+ 28. Kh2 Qc2 29. Qh5 Qf5 30. Ra8+ Ke7 31. Rxf8 Kxf8 32. Qxh6+ Ke8 33.
Qxg5 1-0

[Event "XXXIII Festival A"]
[Site "Arco ITA"]
[Date "2011.10.23"]
[Round "2"]
[White "Ziltener, Werner"]
[Black "Mircoli, Filippo"]
[Result "1/2-1/2"]
[WhiteElo "2081"]
[BlackElo "1747"]
[PlyCount "33"]
[EventDate "2011.10.22"]

1. Nf3 e6 2. d4 d5 3. Bf4 Nf6 4. e3 Bd6 5. Ne5 O-O 6. c4 c5 7. Nc3 Nc6 8. cxd5
exd5 9. Bb5 Qc7 10. Bxc6 bxc6 11. Qa4 cxd4 12. exd4 Ng4 13. O-O Bd7 14. Rfe1
Rfe8 15. Nxg4 Bxf4 16. h3 Bxg4 17. hxg4 1/2-1/2

[Event "XXXIII Festival A"]
[Site "Arco ITA"]
[Date "2011.10.24"]
[Round "3"]
[White "Ager, Josef"]
[Black "Von Wantoch, Markus"]
[Result "0-1"]
[WhiteElo "2190"]
[BlackElo "1923"]
[PlyCount "62"]
[EventDate "2011.10.22"]

1. Nf3 Nf6 2. c4 e6 3. g3 b6 4. Bg2 Bb7 5. Nc3 Be7 6. Qc2 O-O 7. e4 d6 8. d4
Nbd7 9. O-O e5 10. d5 a5 11. h3 Nc5 12. Be3 Nfd7 13. b3 h6 14. Nd2 Bg5 15. f4
Bf6 16. Nf3 exf4 17. gxf4 Bxc3 18. Qxc3 Nxe4 19. Qc2 Ndf6 20. Kh2 Re8 21. Rae1
a4 22. Rg1 axb3 23. axb3 Ra3 24. Nd4 Nc5 25. Bf3 Qa8 26. Rg2 Ra1 27. Rxa1 Qxa1
28. Nf5 Rxe3 29. Nxe3 Qd4 30. Rxg7+ Kf8 31. Qf5 Kxg7 0-1

[Event "XXXIII Festival A"]
[Site "Arco ITA"]
[Date "2011.10.24"]
[Round "3"]
[White "Aigner, Georg"]
[Black "De Santis, Alessio"]
[Result "0-1"]
[WhiteElo "1988"]
[BlackElo "2307"]
[PlyCount "70"]
[EventDate "2011.10.22"]

1. e4 c5 2. Nf3 e6 3. d4 cxd4 4. Nxd4 a6 5. Bd3 Nf6 6. O-O Qc7 7. Nc3 Nc6 8.
Nf3 Ng4 9. Ne2 Bc5 10. h3 Nf6 11. Bf4 d6 12. c3 h6 13. Qd2 e5 14. Be3 Bxe3 15.
Qxe3 Be6 16. Rfd1 O-O 17. Ng3 Rfe8 18. Nh4 Ne7 19. f4 d5 20. f5 Bd7 21. Qe2 Bc6
22. Nh5 Nxh5 23. Qxh5 f6 24. exd5 Bxd5 25. Qe2 Rad8 26. c4 Bf7 27. b3 Nc6 28.
Be4 Nd4 29. Qf2 Re7 30. Rd3 b5 31. cxb5 axb5 32. Rad1 Red7 33. Nf3 Nxf3+ 34.
Qxf3 b4 35. Bd5 Qc5+ 0-1

[Event "XXXIII Festival A"]
[Site "Arco ITA"]
[Date "2011.10.24"]
[Round "3"]
[White "Bacchelli, Andrea"]
[Black "Beltrami, Nerio"]
[Result "0-1"]
[WhiteElo "1789"]
[BlackElo "1961"]
[PlyCount "72"]
[EventDate "2011.10.22"]

1. e4 d6 2. d4 Nf6 3. Nc3 g6 4. Bc4 Bg7 5. f3 c6 6. Nge2 Nbd7 7. Bg5 b5 8. Bb3
b4 9. Nb1 Qa5 10. Qd2 Ba6 11. h4 Qb5 12. c4 Qa5 13. Na3 Qb6 14. Nc2 c5 15. d5
Nh5 16. Ne3 h6 17. g4 hxg5 18. gxh5 Rxh5 19. Ng3 Rxh4 20. O-O-O O-O-O 21. Ng2
Rxh1 22. Rxh1 Rh8 23. Rxh8+ Bxh8 24. Qxg5 Bf6 25. Qg4 Kc7 26. f4 Qb8 27. Ne3
Qh8 28. e5 dxe5 29. d6+ exd6 30. Nd5+ Kd8 31. Nxf6 Qxf6 32. Ne4 Qxf4+ 33. Qxf4
exf4 34. Nxd6 Ke7 35. Ne4 f5 36. Nf2 g5 0-1

[Event "XXXIII Festival A"]
[Site "Arco ITA"]
[Date "2011.10.24"]
[Round "3"]
[White "Basso, Pier Luigi"]
[Black "Londers, Jan"]
[Result "1/2-1/2"]
[WhiteElo "2051"]
[BlackElo "1891"]
[PlyCount "86"]
[EventDate "2011.10.22"]

1. e4 c5 2. Nf3 d6 3. d4 cxd4 4. Nxd4 Nf6 5. Nc3 a6 6. Bg5 e6 7. f4 Be7 8. Qf3
Qc7 9. O-O-O Nbd7 10. g4 Rb8 11. Bxf6 Bxf6 12. g5 Bxd4 13. Rxd4 b5 14. a3 Qc5
15. Qd3 b4 16. axb4 Rxb4 17. Rxd6 O-O 18. Rxd7 Bxd7 19. Qxd7 Rfb8 20. Bxa6 Rd4
21. Na4 Rxd7 22. Nxc5 Rc7 23. Na4 Ra7 24. Nc5 Rc7 25. b4 Rxb4 26. Rd1 Kf8 27.
Nd7+ Ke7 28. Ne5 f6 29. gxf6+ gxf6 30. Rd7+ Rxd7 31. Nc6+ Kf7 32. Nxb4 Rd4 33.
Nd3 Rxe4 34. Kd2 Ra4 35. Bb5 Ra5 36. c4 Ra2+ 37. Kc3 Rxh2 38. c5 Ke7 39. Kd4
Rg2 40. Bc6 Rg3 41. Bb7 h5 42. c6 Kd6 43. Nc5 e5+ 1/2-1/2

[Event "XXXIII Festival A"]
[Site "Arco ITA"]
[Date "2011.10.24"]
[Round "3"]
[White "Battistella, Stefano"]
[Black "Papa, Angelo"]
[Result "1-0"]
[WhiteElo "2081"]
[BlackElo "1848"]
[PlyCount "53"]
[EventDate "2011.10.22"]

1. c4 g6 2. Nc3 Bg7 3. e4 d6 4. g3 Nf6 5. Bg2 O-O 6. Nge2 e5 7. O-O Nc6 8. h3
Be6 9. d3 Qd7 10. Kh2 Ne8 11. Be3 f5 12. Qd2 Nd4 13. f4 Nxe2 14. Qxe2 c6 15.
Rad1 exf4 16. gxf4 Nf6 17. b3 Qc7 18. Qd2 Rad8 19. Rc1 fxe4 20. dxe4 Nh5 21.
Ne2 b6 22. Bf3 Bc8 23. Bxh5 gxh5 24. Rg1 Qd7 25. f5 Kh8 26. Rxg7 Kxg7 27. Bh6+
1-0

[Event "XXXIII Festival A"]
[Site "Arco ITA"]
[Date "2011.10.24"]
[Round "3"]
[White "Benenati, Gianfranco"]
[Black "Gardi, Giuseppe"]
[Result "0-1"]
[WhiteElo "1800"]
[BlackElo "2028"]
[PlyCount "139"]
[EventDate "2011.10.22"]

1. e4 g6 2. d4 Bg7 3. Nf3 d6 4. Bc4 Nf6 5. Qe2 c6 6. Bb3 O-O 7. O-O Qc7 8. Bg5
e5 9. dxe5 dxe5 10. Nbd2 Nbd7 11. c3 Nc5 12. Bc2 Ne6 13. Bb3 b5 14. Rac1 h6 15.
Bxf6 Nf4 16. Qe3 Bxf6 17. c4 b4 18. c5 Rd8 19. Nc4 Ba6 20. Rfd1 Bxc4 21. Bxc4
a5 22. g3 Nh3+ 23. Kg2 Ng5 24. h4 Nxf3 25. Qxf3 Kg7 26. b3 Qe7 27. Qe3 Ra7 28.
Rd6 Qe8 29. Rcd1 Be7 30. Bxf7 Kxf7 31. Rxd8 Bxd8 32. Qxh6 Kg8 33. Rd6 Rg7 34.
Qd2 Be7 35. Re6 Qf8 36. Rxe5 Bxc5 37. Qc2 Bb6 38. Re6 Bd4 39. f4 c5 40. Qc4 Kh7
41. Qa6 Qf7 42. Rd6 Qb7 43. Qe2 a4 44. Kh2 axb3 45. axb3 Qa7 46. h5 g5 47. h6
Rg6 48. e5 Rxh6+ 49. Rxh6+ Kxh6 50. Qg2 Qf7 51. Qc6+ Kg7 52. Qf3 gxf4 53. gxf4
Kh6 54. Qc6+ Kg7 55. Qf3 Kh6 56. Qc6+ Qg6 57. e6 Be3 58. f5 Qf6 59. Qe4 Bg5 60.
Kh3 Kg7 61. Kg4 Qe7 62. Qd5 Bf6 63. Qg2 Kf8 64. Qa8+ Qd8 65. Qc6 Be7 66. Qh1
Qd4+ 67. Kg3 Bd6+ 68. Kh3 Qh8+ 69. Kg2 Qxh1+ 70. Kxh1 0-1

[Event "XXXIII Festival A"]
[Site "Arco ITA"]
[Date "2011.10.24"]
[Round "3"]
[White "Bisignano, Giuseppe"]
[Black "Caldara, Sisto"]
[Result "0-1"]
[WhiteElo "1908"]
[BlackElo "1800"]
[PlyCount "65"]
[EventDate "2011.10.22"]

1. e4 d6 2. d4 Nf6 3. Bd3 e5 4. c3 c6 5. h3 Be7 6. Be3 Qc7 7. Nf3 b6 8. Nbd2
Bb7 9. O-O Nbd7 10. Rc1 d5 11. exd5 exd4 12. Bxd4 c5 13. Bxf6 Nxf6 14. c4 O-O
15. Ne4 b5 16. d6 Bxd6 17. Nxf6+ gxf6 18. Nh4 f5 19. Nxf5 Bh2+ 20. Kh1 Kh8 21.
Qh5 f6 22. Ne3 Bf4 23. cxb5 Rg8 24. Rxc5 Qd7 25. Nd5 Rg5 26. Nxf4 Bxg2+ 27. Kh2
Rxh5 28. Rxh5 Bxf1 29. Bxf1 Qd2 30. Rf5 Qxf2+ 31. Bg2 Qxb2 32. a4 Rg8 33. Kh1
0-1

[Event "XXXIII Festival A"]
[Site "Arco ITA"]
[Date "2011.10.24"]
[Round "3"]
[White "Blasco, Domenico"]
[Black "Vaccari, Giorgio"]
[Result "1-0"]
[WhiteElo "1965"]
[BlackElo "1656"]
[PlyCount "58"]
[EventDate "2011.10.22"]

1. d4 Nf6 2. Nf3 b6 3. e3 Bb7 4. c4 e6 5. a3 c5 6. Nc3 d5 7. cxd5 Nxd5 8. Bb5+
Bc6 9. Bxc6+ Nxc6 10. Ne4 Bd6 11. dxc5 bxc5 12. Nxd6+ Qxd6 13. e4 O-O 14. exd5
exd5 15. O-O Rfe8 16. Re1 d4 17. Rxe8+ Rxe8 18. b3 Qe6 19. Bf4 a5 20. Rc1 Qd5
21. Qc2 Ne7 22. Qxc5 Qb7 23. Qc7 Qxc7 24. Rxc7 Nd5 25. Rd7 Nxf4 26. g3 Ne2+ 27.
Kf1 Nc1 28. Nxd4 Nd3 29. Nc6 Nc5 1-0

[Event "XXXIII Festival A"]
[Site "Arco ITA"]
[Date "2011.10.24"]
[Round "3"]
[White "Borries, Barbara"]
[Black "Coqueraut, Lodewyk"]
[Result "0-1"]
[WhiteElo "1901"]
[BlackElo "1794"]
[PlyCount "62"]
[EventDate "2011.10.22"]

1. e4 c5 2. Nf3 d6 3. d4 cxd4 4. Nxd4 Nf6 5. Nc3 a6 6. Bc4 e6 7. Bb3 Qc7 8. O-O
Be7 9. Qf3 Nc6 10. Nxc6 bxc6 11. Be3 Bb7 12. Qg3 Rg8 13. f3 Kf8 14. Rad1 Rc8
15. Ne2 e5 16. c4 Rb8 17. Qf2 Bc8 18. Nc3 Be6 19. Rd2 g5 20. g4 Rg6 21. h3 Kg7
22. Kg2 Rh8 23. Ne2 h5 24. Ng3 hxg4 25. fxg4 Kg8 26. Qf3 Rh7 27. Rh1 Qd7 28.
Nf5 Bf8 29. c5 d5 30. exd5 cxd5 31. Bf2 e4 0-1

[Event "XXXIII Festival A"]
[Site "Arco ITA"]
[Date "2011.10.24"]
[Round "3"]
[White "Bozzao, Francesco"]
[Black "Tencheni, Maurizio"]
[Result "1-0"]
[WhiteElo "1830"]
[BlackElo "1647"]
[PlyCount "77"]
[EventDate "2011.10.22"]

1. d4 Nf6 2. Nf3 g6 3. g3 Bg7 4. Bg2 O-O 5. c4 d6 6. Nc3 Nbd7 7. e4 c5 8. d5 a6
9. a4 Nb6 10. Qd3 Nbd7 11. h3 Ne8 12. O-O Rb8 13. a5 b6 14. axb6 Qxb6 15. Ra3
Ne5 16. Nxe5 Bxe5 17. Na4 Qb7 18. Qc2 Bd7 19. Nc3 Nc7 20. Kh2 Bg7 21. f4 Qb4
22. Qe2 Bd4 23. Rf3 Na8 24. Rxa6 Rb7 25. Na2 Qxc4 26. Qxc4 Bb5 27. Qc2 Bxa6 28.
b3 Rfb8 29. Bb2 Bxb2 30. Qxb2 Bc4 31. Nc1 Nc7 32. Qc3 Ba6 33. Qa5 Rb6 34. Bf1
Nb5 35. Bxb5 Bxb5 36. e5 Ra6 37. Qc7 Re8 38. Re3 Ra1 39. Re1 1-0

[Event "XXXIII Festival A"]
[Site "Arco ITA"]
[Date "2011.10.24"]
[Round "3"]
[White "Bruno, Elio"]
[Black "Trimarchi, Giuseppe"]
[Result "0-1"]
[WhiteElo "1641"]
[BlackElo "1923"]
[PlyCount "206"]
[EventDate "2011.10.22"]

1. e4 e5 2. Nf3 Nc6 3. Bb5 a6 4. Ba4 Nf6 5. O-O Be7 6. Re1 b5 7. Bb3 d6 8. h3
Na5 9. c3 Nxb3 10. Qxb3 c5 11. d3 h6 12. Be3 Qc7 13. Nh2 O-O 14. Nd2 Rb8 15.
Qc2 Be6 16. f4 exf4 17. Bxf4 Nd7 18. Nhf3 Bf6 19. a4 b4 20. c4 Ne5 21. Rf1 Nc6
22. Nb3 Be5 23. Nxe5 dxe5 24. Bg3 Qd6 25. Bf2 Nd4 26. Nxd4 cxd4 27. b3 f5 28.
exf5 Rxf5 29. Qe2 Bd7 30. g4 Rf6 31. Bg3 Re8 32. Rxf6 gxf6 33. Qd2 Kg7 34. Rf1
a5 35. Bh4 Rf8 36. Bg3 Bc6 37. Qe2 Bb7 38. Qh2 Kh7 39. Rf2 Qc5 40. Kf1 Kg7 41.
Rf5 Qe7 42. Rh5 Kg6 43. Qd2 Rh8 44. Qe2 Rh7 45. Qf2 Qe6 46. Qf5+ Qxf5+ 47. Rxf5
Bc8 48. Rf2 Re7 49. Bh4 Re6 50. Rf5 Bd7 51. Be1 Kg7 52. Bd2 Be8 53. Kf2 Bg6 54.
Rf3 e4 55. dxe4 Bxe4 56. Rf4 Bc2 57. Rxd4 Bxb3 58. Rd5 Bxc4 59. Rd7+ Kg6 60.
Be3 h5 61. gxh5+ Kxh5 62. Rh7+ Kg6 63. Rh6+ Kg7 64. Rh5 b3 65. Rxa5 Re7 66. Bd4
b2 67. Bxb2 Re2+ 68. Kg3 Rxb2 69. Rc5 Be2 70. a5 Ra2 71. Rd5 Kg6 72. Rc5 Bd3
73. Rd5 Bf5 74. h4 Ra3+ 75. Kf4 Ra4+ 76. Kg3 Rg4+ 77. Kf3 Rxh4 78. Ke3 Ra4 79.
Rc5 Be4 80. Rb5 f5 81. Rc5 Kf6 82. Kf2 Ke6 83. Ke3 Kd6 84. Rb5 Bd5 85. Rb6+ Bc6
86. Ra6 Kc5 87. Ra7 Kb5 88. Rf7 Be4 89. Re7 Kxa5 90. Ra7+ Kb5 91. Rc7 Rc4 92.
Re7 Kc5 93. Rc7+ Kd5 94. Rd7+ Ke6 95. Ra7 Rc3+ 96. Kf4 Rf3+ 97. Kg5 Ke5 98.
Ra5+ Kd4 99. Ra4+ Ke3 100. Ra3+ Bd3 101. Rb3 Rg3+ 102. Kh4 Rg8 103. Ra3 f4 0-1

[Event "XXXIII Festival A"]
[Site "Arco ITA"]
[Date "2011.10.24"]
[Round "3"]
[White "Buck, Klaus-Michael"]
[Black "Kern, Beat"]
[Result "1-0"]
[WhiteElo "1813"]
[BlackElo "1691"]
[PlyCount "177"]
[EventDate "2011.10.22"]

1. b3 e5 2. Bb2 d6 3. e3 Nf6 4. Nf3 Be7 5. Be2 O-O 6. O-O c6 7. d3 Nbd7 8. h3
Qc7 9. Nbd2 b5 10. a4 a6 11. c4 bxa4 12. Rxa4 Nb6 13. Ra2 c5 14. Qc2 Bb7 15.
Rfa1 Nfd7 16. Ne1 f5 17. Bf3 Nf6 18. Bxb7 Qxb7 19. d4 e4 20. Nf1 Nh5 21. Qe2
Nf6 22. d5 Nbd7 23. Ng3 g6 24. Qc2 Rfb8 25. Ra3 a5 26. Bc3 Bd8 27. Ne2 Kf7 28.
Nc1 Ne5 29. Bxa5 Bxa5 30. Rxa5 Ne8 31. Qa2 Rxa5 32. Qxa5 Nc7 33. Qd2 Ke7 34. f4
Nd7 35. Qc3 Nf6 36. Nc2 Qb6 37. Qa5 Qb7 38. Qa7 Kd7 39. Qa5 Ra8 40. Qc3 Nce8
41. Rxa8 Qxa8 42. b4 Qa7 43. b5 Ke7 44. Qa1 Qxa1 45. Nxa1 Nd7 46. Nab3 Nb6 47.
Nd2 h5 48. Kf2 Nf6 49. Kg3 Kf7 50. Ncb3 Nfd7 51. Na5 Nc8 52. Kh4 Kf6 53. g4
hxg4 54. hxg4 Ndb6 55. Nb7 Na4 56. gxf5 Kxf5 57. Kg3 Nab6 58. Na5 Na4 59. Nc6
Nc3 60. Kf2 Na4 61. Nb1 g5 62. fxg5 Kxg5 63. Nd2 Kf5 64. Nf1 Nb2 65. Ng3+ Kg4
66. Nxe4 Nxc4 67. Nc3 N4b6 68. Ke2 Nc4 69. Kd3 N8b6 70. Nb8 Kf3 71. e4 Ne5+ 72.
Kc2 Ke3 73. Nc6 Nec4 74. Nd8 Kf4 75. Kd3 Ne5+ 76. Kc2 Nec4 77. Nb7 Ke5 78. Nd8
Kf4 79. Nf7 Nd7 80. Kd3 Ncb6 81. Ne2+ Kf3 82. Ng5+ Kg4 83. Nf7 Kf3 84. Nc3 Kf4
85. Nd1 Ne5+ 86. Nxe5 Kxe5 87. Ne3 Kf4 88. Nc4 Nd7 89. b6 1-0

[Event "XXXIII Festival A"]
[Site "Arco ITA"]
[Date "2011.10.24"]
[Round "3"]
[White "Casagrande, Fabio"]
[Black "Sigmund, Ingenuin"]
[Result "1-0"]
[WhiteElo "1991"]
[BlackElo "1788"]
[PlyCount "39"]
[EventDate "2011.10.22"]

1. e4 e6 2. d4 d5 3. Nc3 Bb4 4. e5 c5 5. Bd2 a6 6. a3 cxd4 7. axb4 dxc3 8. Bxc3
b6 9. Qg4 g6 10. Nf3 Nh6 11. Qf4 Nf5 12. g4 Ne7 13. Ng5 O-O 14. O-O-O h6 15.
Ne4 g5 16. Nf6+ Kh8 17. Qf3 Bb7 18. h4 gxh4 19. Rxh4 Ng8 20. Qf4 1-0

[Event "XXXIII Festival A"]
[Site "Arco ITA"]
[Date "2011.10.24"]
[Round "3"]
[White "Catalfamo, Santo"]
[Black "Zahn, Alina"]
[Result "0-1"]
[WhiteElo "1915"]
[BlackElo "1640"]
[PlyCount "55"]
[EventDate "2011.10.22"]

1. e4 e5 2. d4 exd4 3. c3 d5 4. cxd4 dxe4 5. Nc3 Nf6 6. Bc4 Be7 7. Nge2 O-O 8.
O-O Nc6 9. a3 a6 10. Bf4 Bd6 11. Bg5 Bxh2+ 12. Kh1 Bd6 13. Bxf6 Qxf6 14. Ng3
Qh4+ 15. Kg1 e3 16. Nce4 exf2+ 17. Rxf2 Bxg3 18. Nxg3 Qxg3 19. Rxf7 Rxf7 20.
Qf1 Qe3+ 21. Kh2 Qh6+ 22. Kg1 Be6 23. Qd3 Bxc4 24. Qxc4 Qe3+ 25. Kh1 Qxd4 26.
Qb3 Qh4+ 27. Kg1 Nd4 28. Qc4 0-1

[Event "XXXIII Festival A"]
[Site "Arco ITA"]
[Date "2011.10.24"]
[Round "3"]
[White "Collutiis, Duilio"]
[Black "Bevilacqua, Maurizio"]
[Result "1-0"]
[WhiteElo "2474"]
[BlackElo "2147"]
[PlyCount "45"]
[EventDate "2011.10.22"]

1. g3 d5 2. Bg2 c6 3. c4 Nf6 4. Nf3 Bg4 5. Ne5 dxc4 6. Nxg4 Nxg4 7. Na3 e6 8.
O-O Bxa3 9. bxa3 Nd7 10. Rb1 Nb6 11. a4 a5 12. Ba3 Ne5 13. Qc2 Ra6 14. f4 Ned7
15. f5 e5 16. Rf3 c5 17. f6 g6 18. Qe4 Qc7 19. Re3 Ra7 20. Bb2 O-O 21. Qh4 Kh8
22. g4 Rg8 23. Qxh7+ 1-0

[Event "XXXIII Festival A"]
[Site "Arco ITA"]
[Date "2011.10.24"]
[Round "3"]
[White "Coqueraut, Jean Dominique"]
[Black "De Polzer, Manfredi"]
[Result "1-0"]
[WhiteElo "1824"]
[BlackElo "1706"]
[PlyCount "45"]
[EventDate "2011.10.22"]

1. d4 d5 2. c4 e6 3. Nc3 Nf6 4. Nf3 c5 5. Bf4 Nc6 6. e3 cxd4 7. exd4 Bd6 8.
Bxd6 Qxd6 9. c5 Qc7 10. Bb5 Bd7 11. O-O O-O 12. a3 Rfb8 13. Re1 Qd8 14. b4 a6
15. Bd3 Ne7 16. Ne5 Be8 17. Rc1 b5 18. Re3 g6 19. Rf3 Kg7 20. Qd2 Rb7 21. Rxf6
Kxf6 22. Ng4+ Kg7 23. Qh6+ 1-0

[Event "XXXIII Festival A"]
[Site "Arco ITA"]
[Date "2011.10.24"]
[Round "3"]
[White "Cottarelli, Franco"]
[Black "Rizzo, Giuseppe"]
[Result "1-0"]
[WhiteElo "1842"]
[BlackElo "1732"]
[PlyCount "79"]
[EventDate "2011.10.22"]

1. b4 e5 2. Bb2 Bxb4 3. Bxe5 Nf6 4. Nf3 Nc6 5. Bb2 d5 6. e3 Be6 7. c4 O-O 8.
Qc2 h6 9. a3 Be7 10. cxd5 Bxd5 11. Be2 Re8 12. O-O Na5 13. Nc3 Nb3 14. Nxd5
Nxa1 15. Nxe7+ Qxe7 16. Qd1 Red8 17. Qxa1 Ne8 18. a4 f6 19. Rc1 c6 20. a5 Qd7
21. a6 b6 22. Qa4 Rac8 23. Nd4 c5 24. Bb5 Qd6 25. Qc4+ Kh8 26. Nf3 Nc7 27. Ba3
Nxb5 28. Qxb5 Qd3 29. Qa4 b5 30. Qa5 b4 31. Bb2 Rd6 32. Qa2 Rxa6 33. Qf7 c4 34.
Qb7 Rcc6 35. Qxb4 Rab6 36. Qc3 Rb3 37. Qxd3 Rxd3 38. Bc3 Rd5 39. Ra1 Rb6 40.
Nd4 1-0

[Event "XXXIII Festival A"]
[Site "Arco ITA"]
[Date "2011.10.24"]
[Round "3"]
[White "Dalponte, Dino"]
[Black "Roessner, Uwe"]
[Result "1-0"]
[WhiteElo "2078"]
[BlackElo "1909"]
[PlyCount "38"]
[EventDate "2011.10.22"]

1. d4 d6 2. c3 Nd7 3. Nf3 e5 4. e4 Be7 5. Bd3 Ngf6 6. O-O O-O 7. Bg5 c6 8. Nbd2
Ne8 9. Be3 Nef6 10. h3 Qc7 11. Nh2 Nb6 12. f4 exd4 13. cxd4 Re8 14. Qf3 Bf8 15.
Ng4 Nxg4 16. hxg4 Qe7 17. Rae1 d5 18. e5 Nd7 19. Qh3 c5 1-0

[Event "XXXIII Festival A"]
[Site "Arco ITA"]
[Date "2011.10.24"]
[Round "3"]
[White "De Simone Sorrentino, Fabio"]
[Black "Bergen, Klaus"]
[Result "0-1"]
[WhiteElo "1705"]
[BlackElo "1954"]
[PlyCount "29"]
[EventDate "2011.10.22"]

1. e4 c5 2. Nf3 d6 3. d4 cxd4 4. Nxd4 Nf6 5. Nc3 g6 6. Be3 a6 7. f3 b5 8. Qd2
Bb7 9. O-O-O Nbd7 10. g4 Rc8 11. h4 h5 12. Nd5 Nh7 13. Bh3 Bg7 14. a3 O-O 15.
f4 {...} 0-1

[Event "XXXIII Festival A"]
[Site "Arco ITA"]
[Date "2011.10.24"]
[Round "3"]
[White "De Sio, Francesco"]
[Black "Thonig, Manfred"]
[Result "1-0"]
[WhiteElo "1811"]
[BlackElo "1647"]
[PlyCount "51"]
[EventDate "2011.10.22"]

1. e4 g6 2. d4 Bg7 3. Nc3 c6 4. a4 a5 5. Be3 b6 6. f4 e6 7. Nf3 Ne7 8. Bd3 d6
9. O-O O-O 10. Qe1 Ba6 11. Rd1 Nd7 12. Qh4 Bxd3 13. Rxd3 f6 14. Bc1 Rf7 15. Qf2
Qc7 16. Nh4 Raf8 17. f5 exf5 18. exf5 g5 19. Rh3 gxh4 20. Qxh4 Bh8 21. Rff3 c5
22. Rfg3+ Rg7 23. Qxh7+ Kf7 24. Qh5+ Ng6 25. Rxg6 cxd4 26. Rxg7+ 1-0